00816cam a22002291 4500001001300000003000400013005001700017008004100034010001700075035001900092040001700111050002200128110002800150245018200178260002400360300002500384500006300409650002500472650002400497700004800521999001700569gs 49000273 DLC20260227111355.0761116s1949 dcu 000 0 eng  ags 49000273  a(OCoLC)2560818 aDLCcTxdDLC00aTD224.T4bA5 19492 aTexas Water Commission.10aPublic water supplies in western Texascby W. L. Broadhurst. R. W. Sundstrom, and D. E. Weaver. Prepared in cooperation with the U. S. Dept. of the Interior, Geological Survey. a[Washington]c1949. a277 p.bmap.c28 cm. aU. S. Geological Survey. Library for Library of Congress. 0aWater-supplyzTexas. 0aWaterxComposition.1 aBroadhurst, W. L.q(William Leslie),d1905- c28407d28407